Augusto Pinochet : diálogos con su historia : conversaciones inéditas /

Compilación de conversaciones inéditas que la autora sostuvo con Augusto Pinochet durante 1995-1998, las cuales van dibujando el rostro de uno de los últimos dictadores latinoamericanos del siglo XX y como dice la autora, sólo la historia lo ubicará en el lugar que le corresponda.

محفوظ في:
التفاصيل البيبلوغرافية
المؤلف الرئيسي: Pinochet, Augusto (autor)
مؤلفون آخرون: Oyarzún, María Eugenia (entrevista) (entrevista)
التنسيق: كتاب
اللغة:الإسبانية
منشور في: Santiago, Chile : Editorial Sudamericana, 1999, c1999
الموضوعات:
الوسوم: إضافة وسم
لا توجد وسوم, كن أول من يضع وسما على هذه التسجيلة!

MARC

LEADER 00000nam^a2200000^a^4500
001 000138383
005 20250521000000.0
009 20260310095425.704
020 |a 956-262-091-3 
037 |a Acervo ITESO - Biblioteca 
041 |a ESP 
082 |a 320. 092  |b PIN 
100 |a Pinochet, Augusto  |e (autor) 
245 1 0 |a Augusto Pinochet :  |b diálogos con su historia : conversaciones inéditas /  |c A. Pinochet ; entrevistado por M.E. Oyarzún. 
264 4 |a Santiago, Chile :  |b Editorial Sudamericana,  |c 1999, c1999 
300 |a 265 p. 
336 |a texto  |b txt  |2 rdacontenido 
337 |a sin mediación  |b n  |2 rdamedio 
338 |a volumen  |b nc  |2 rdasoporte 
520 |a Compilación de conversaciones inéditas que la autora sostuvo con Augusto Pinochet durante 1995-1998, las cuales van dibujando el rostro de uno de los últimos dictadores latinoamericanos del siglo XX y como dice la autora, sólo la historia lo ubicará en el lugar que le corresponda. 
585 |a Exposición DIA 2023-09 / A 50 años del golpe de Estado: Chile e ITESO, convergencias con la dignidad y la memoria  
649 |a XX 
650 |a Jefes de Estado Chilenos -  |x Entrevistas 
650 |a Militares Chilenos -  |x Entrevistas 
650 |a Políticos Chilenos -  |x Entrevistas 
650 |a Dictadura -  |z Chile -  |x Historia -  |y 1973-1990 
650 |a Política -  |z Chile -  |x Historia -  |y 1973-1990 
650 |a Chile -  |x Condiciones Políticas 
650 |a Pinochet, Augusto 
700 |a Oyarzún, María Eugenia  |e (entrevista) 
910 |a Fondo General 
920 |a Impresos - Libros 
930 |a Colección General 
905 |a 101 
901 |a 0500067906  |b IT1  |c ACC  |u 20250521 
902 |a https://opac.biblio.iteso.mx/vufind/Record/000138383